Score 0/30 Timer 15:00
0 Plays Today
English Meaning Italian % Correct
Christmasil Natale
83.3%
to celebratecelebrare
75%
Easterla Pasqua
75%
gestureil gesto
66.7%
Witch from January 6thla Befana
58.3%
to celebratefesteggiare
58.3%
fairytale/fablela favola
58.3%
Carnivalil Carnevale
50%
speechil discorso
50%
fireworksi fuochi artificiali
50%
fat Tuesdayil martedi grasso
50%
traditional Christmas cakeil panettone
50%
patronil patrono
50%
Lentla Quaresima
50%
Patron Saintil Santo Patrono
50%
English Meaning Italian % Correct
traditional Christmas nougatil torrone
50%
seasonalstagionale
50%
New Year's Dayil Capodanno
41.7%
New Year's Eve Dinneril cenone
41.7%
Easter Cake - dove shapedla colomba
41.7%
traditional Christmas cakeil pandoro
41.7%
chocolate Easter eggsle uova di Pasqua
41.7%
merry-go-round ridela giostra
41.7%
roller coasterle montagne russe
41.7%
paradela sfilata
33.3%
Ash Wednesdayil mercoledi delle Ceneri
25%
festivalsagra
25%
peasant culturela cultura contadina
25%
amusement parkil luna park
25%
yearly festivityla ricorrenza
16.7%
Remove Ads.
Support Sporcle.
Get the best of Sporcle when you Go Orange. This ad-free experience offers more features, more stats, and more fun while also helping to support Sporcle. Thank you for becoming a member.

You're not logged in!

Compare scores with friends on all Sporcle quizzes.
OR
Log In

Show Comments

Extras

Top Quizzes Today


Score Distribution

Your Account Isn't Verified!

In order to create a playlist on Sporcle, you need to verify the email address you used during registration. Go to your Sporcle Settings to finish the process.

Report this User

Report this user for behavior that violates our Community Guidelines.

Details: